000 00959cam a2200265 a 4500
001 3017511
005 20180119050054.0
008 940802s1994 dcua b 000 0 eng d
010 _a 94066477
020 _a0309050863
035 _a(OCoLC)31190522
040 _aOAU
_cOAU
_dNSyU
_dCoD
_dDLC
041 _aeng
042 _alccopycat
043 _an-us---
080 _a331.12
082 0 0 _a331.12 NRC
_220
100 _a52
101 _aBNJ
245 0 0 _aMeeting the nation's needs for biomedical and behavioral scientists /
_cCommittee on National Needs for Biomedical and Behavioral Research Personnel, Studies and Surveys Unit, Office of Scientific and Engineering Personnel, National Research Council.
504 _aIncludes bibliographical references.
906 _a7
_bcbc
_ccopycat
_d2
_eopcn
_f19
_gy-gencatlg
942 _2ddc
_cBK
999 _c40559
_d40559